000
00318nam a22001457a 4500
008
210302b ||||| |||| 00| 0 eng d
020
_a
9780030132445
041
_a
eng
080
_2
2nd
_a
33
082
_a
33
100
_a
58
101
_a
BIZ
245
_a
Business Report Writing
_c
Bowman, J. P
942
_2
udc
_c
BK
999
_c
55466
_d
55466